UCL Final 24/25 Starting XIs - Statistics

General Stats
  • This quiz has been taken 435 times
  • The average score is 17 of 22
Answer Stats
Team Pos. Answer % Correct
PSG GK Gianluigi Donnarumma
99%
PSG ST Ousmane Dembele
97%
PSG RB Achraf Hakimi
96%
PSG RW Desire Doue
95%
PSG LB Nuno Mendes
92%
Internazionale GK Yann Sommer
92%
PSG CM Vitinha
91%
PSG CB Marquinhos
90%
Internazionale ST Lautaro Martinez
88%
PSG CM Joao Neves
82%
PSG CB William Pacho
82%
Internazionale CB Alessandro Bastoni
81%
Internazionale ST Marcus Thuram
80%
Internazionale CM Nicolo Barella
80%
PSG CM Fabian Ruiz
79%
Internazionale LM Federico Dimarco
79%
Internazionale RM Denzel Dumfries
73%
Internazionale CB Francesco Acerbi
70%
PSG LW Kvicha Kvaratskhelia
67%
Internazionale CM Hakan Calhanoglu
55%
Internazionale CM Henrikh Mkhitaryan
41%
Internazionale CB Benjamin Pavard
34%
No matching quizzes found
Score Distribution
Percent of People with Each Score
Percentile by Number Answered
Your Score History
You have not taken this quiz